000 00884nam a2200265 a 4500
005 20230123134211.0
008
020 _a0948018208(pbk.)
050 0 0 _aKJE6577
_fCON
245 0 0 _aConsumer policy :
_bthe new EC trading environment /
_cedited by Jantien Findlater.
260 _aDublin :
_bIrish Centre for European Law, Trinity College,
_c1991.
300 _a99 p. ;
_c21 cm.
490 1 _aICEL ;
_vno. 15
500 _aConference proceedings.
504 _aIncludes bibliographical references.
650 0 _aConsumer protection
_xLaw and legislation
_zEuropean Economic Community countries.
700 1 _aFindlater, Jantien.
710 2 _aIrish Centre for European Law.
830 0 _aICEL (Series) ;
_vno. 15.
907 _a.b10201142
_b10-05-06
_c08-05-06
003
040 _cNUST
049 _aMAIN
942 _cBOOKS
999 _c161793
_d161793